Central Library OPAC University of Rajshahi

The works of Aristotle / (Record no. 30597)

MARC details
000 -LEADER
fixed length control field 00944nam a22002771 4500
001 - CONTROL NUMBER
control field 30597
003 - CONTROL NUMBER IDENTIFIER
rucl marc code BD-RjUL
005 - DATE AND TIME OF LATEST TRANSACTION
control field 20211209051604.0
008 - FIXED-LENGTH DATA ELEMENTS--GENERAL INFORMATION
fixed length control field 140410r19491912enk b 001 0 eng d
035 ## - SYSTEM CONTROL NUMBER
System control number (BD-RjUL)30683
040 ## - CATALOGING SOURCE
Original cataloging agency DLC
Transcribing agency DLC
Modifying agency DLC
-- BD-RjUL
Language of cataloging eng
041 1# - LANGUAGE CODE
Language code of text/sound track or separate title enggrc
082 00 - DEWEY DECIMAL CLASSIFICATION NUMBER
Classification number 185
Author mark and year ARW V-5 1949
100 0# - MAIN ENTRY--PERSONAL NAME
Personal name Aristotle.
9 (RLIN) 92957
245 14 - TITLE STATEMENT
Title The works of Aristotle /
Statement of responsibility, etc. translated into English under the editorship of W.D. Ross.
Number of part/section of a work Volume V :
Name of part/section of a work De partibus animalium.
260 ## - PUBLICATION, DISTRIBUTION, ETC. (IMPRINT)
Place of publication, distribution, etc. Oxford :
Name of publisher, distributor, etc. Clarendon Press,
Date of publication, distribution, etc. 1912 [reprinted 1949].
300 ## - PHYSICAL DESCRIPTION
Pagination various pages ;
Size 23 cm.
504 ## - BIBLIOGRAPHY, ETC. NOTE
Bibliography, etc Includes bibliographical references and index.
600 ## - SUBJECT ADDED ENTRY--PERSONAL NAME
Personal name Aristotle.
650 #0 - SUBJECT ADDED ENTRY--TOPICAL TERM
Topical term or geographic name as entry element Philosophy.
9 (RLIN) 92958
700 1# - ADDED ENTRY--PERSONAL NAME
Personal name Ross, W. D.
Fuller form of name (William David),
Dates associated with a name 1877-1971,
Relator term ed.
Personal name Smith, J. A.
Fuller form of name (John Alexander),
Dates associated with a name 1863-1939,
Relator term joint ed.
942 ## - ADDED ENTRY ELEMENTS (KOHA)
Source of classification or shelving scheme Dewey Decimal Classification
Koha item type Books
Holdings
Lost status Source of classification or shelving scheme Damaged status Not for loan Collection code Permanent Location Current Location Shelving location Date acquired Source of acquisition Cost, normal purchase price Total Checkouts Full call number Date last seen Copy number Koha item type
  Dewey Decimal Classification   Not For Loan Non-fiction Central Library, University of Rajshahi Central Library, University of Rajshahi Reading Room 03/08/1955 O. U. P. 10.80   185 ARW V-5 1949 10/04/2014 C-1 Books
  Dewey Decimal Classification     Non-fiction Central Library, University of Rajshahi Central Library, University of Rajshahi   03/08/1955 O. U. P. 10.80   185 ARW V-5 1949 30/10/2014 C-2 Books